| 000 | 00465nam a2200193Ia 4500 | ||
|---|---|---|---|
| 008 | 210210b1928 xxu||||| |||| 00| 0 eng d | ||
| 041 | _aeng | ||
| 082 | _a336/192 | ||
| 100 | _aWATERS (C M) | ||
| 245 | _aEconomic history of England 1066-1874 | ||
| 260 |
_aLondon _bOxford University Press _c1928 |
||
| 650 | _aof | ||
| 650 | _ahistory | ||
| 650 | _aEngland | ||
| 650 | _aEconomic | ||
| 650 | _a1066-1874 | ||
| 690 | _aEconomic History | ||
| 906 | _a004929 | ||
| 999 |
_c128542 _d128542 |
||